Statistics for Art Trivia: Painters Geography

Click here to take the quiz!

General Stats

  • This quiz has been taken 380 times
  • The average score is 11 of 15

Answer Stats

I'll give you an artist's name......and you give the modern name of the artist's country of origin% Correct
Pablo PicassoSpain
97%
Andy WarholUnited States of America
97%
Frida KahloMexico
95%
Paul GauguinFrance
92%
Wassily KandinskyRussia
89%
Francisco GoyaSpain
89%
TitianItaly
86%
El GrecoGreece
82%
Edvard MunchNorway
79%
J.M.W. TurnerUnited Kingdon
79%
Gustav KlimtAustria
65%
Hieronymus BoschNetherlands
64%
Paul KleeSwitzerland
33%
Marc ChagallBelarus
20%
Mark RothkoLatvia
14%

Score Distribution

Percentile by Number Answered

Percent of People with Each Score

Your Score History

You have not taken this quiz